=LDR 00000nam 2200000 4500 =001 INLIS000000000001918 =005 20130612090309 =008 ***********************************Ind** =035 ##$$0010-061300000001918 =041 ##$$a Ind =082 ##$$a 604.2 =090 ##$$a 604.2, Whi t =100 ##$$a White,Edward T =245 ##$$a Tata atur pengantar merancang arsitektur, Edward T.White;Penerjemah,Sri Rahayu =260 ##$$a 1986 $b Bandung =300 ##$$a 185 hlm, ilus, 20 cm =650 ##$$a Menggambar Teknis =700 ##$$a Sri Rahayu =850 ##$$a NBPNMAT